Statistics for Biggest islands in the Pacific ocean

Click here to take the quiz!

General Stats

  • This quiz has been taken 28 times
    (15 since last reset)
  • The average score is 10 of 20

Answer Stats

Area (km2)Island% Correct
113,729North Island
83%
150,437South Island
83%
90,758Tasmania
83%
227,960Honshu
75%
77,981Hokkaido
67%
109,965Luzon
67%
785,753New Guinea
67%
10,434Hawaii
58%
72,493Sakhalin
58%
174,600Sulawesi
58%
35,883Taiwan
58%
35,640Kyushu
50%
18,800Shikoku
50%
35,354Hainan
33%
104,530Mindanao
33%
31,285Vancouver Island
25%
35,145New Britain
17%
12,189Palawan
17%
10,388Viti Levu
17%
16,648Grande Terre
0%

Score Distribution

Percentile by Number Answered

Percent of People with Each Score

Your Score History

You have not taken this quiz since the last reset